Statistiques concernant Stations de la ligne 7bis du métro parisien sur le plan

Cliquez ici pour prendre le quiz!

Statistiques générales

  • Ce quiz a été pris 52 fois
  • Le résultat moyen est 6 sur 8

Réponses sur la Carte

Les réponses sont colorées sur une échelle allant du rouge au vert en fonction du pourcentage des utilisateurs qui les ont devinées à leur premier essai. Vous pouvez retrouver ces pourcentages ci-dessous.
 

Statistiques - réponses

Réponse% Correct
Jaurès
88%
Louis Blanc
85%
Place des Fêtes
85%
Botzaris
77%
Buttes Chaumont
77%
Pré-Saint-Gervais
73%
Bolivar
69%
Danube
65%

Distribution des résultats

Percentile par nombre de réponses

% des personnes avec chaque résultat

Votre développement - résultats

Vous n’avez pas pris ce quiz